La no-proliferación y el desarme en perspectiva (Registro nro. 182857)

Detalles MARC
000 -ENCABEZADO
Número de control [NR] 00843nam a22002297a 4500
005 - FECHA Y HORA DE LA ÚLTIMA TRANSACCIÓN
control field 20140903174958.0
008 - DE LONGITUD FIJA DE DATOS DE ELEMENTOS - INFORMACIÓN GENERAL
Elementos de longitud fija [NR] 131212s2011 sp frn 000 0 spa
020 ## - NUMERO INTERNACIONAL NORMALIZADO PARA LIBROS [R]
Número Internacional Normalizado del libro [NR] 9788498605402
040 ## - FUENTE DE CATALOGACION [NR]
Agencia de catalogación original [NR] CO-BoUCM
Idioma de catalogación [NR] spa
Quien Cataloga
Quien Clasifica Diana Londoño
041 00 - CODIGO DE IDIOMA [R]
Código de idioma para texto/pista de sonido o título separado [R] Español
100 1# - ASIENTO PRINCIPAL--NOMBRE PERSONAL [NR]
Nombre personal [NR] Garrido Rebolledo, Vicente
ID Autoridad 52858
245 13 - MENCION DE TITULO [NR]
Título [NR] La no-proliferación y el desarme en perspectiva
Mención de responsabilidad, etc. [NR] Vicente Garrido
260 ## - PUBLICACION, DISTRIBUCION, ETC. (PIE DE IMPRENTA) [R]
Lugar de publicación, distribución, etc. [R] [Bilbao] (España)
Nombre del editor, distribuidor, etc. [R] Euskal Herriko Unibertsitateko Argitalpen Zerbitzua
Fecha de publicación, distribución, etc. [R] 2011
300 ## - DESCRIPCION FISICA [R]
Extensión [R] 41 páginas
490 0# - MENCION DE SERIE [R]
Mención de serie [R] Colección de Estudios Internacionales
Designación numérica/secuencial del volumen [NR] 7
504 ## - NOTA DE BIBLIOGRAFIA, ETC. [R]
Nota de bibliografía, etc. [NR] Incluye referencias bibliográficas
650 #7 - ASIENTO SECUNDARIO DE MATERIA - TERMINO TEMATICO [R]
Término temático o nombre geográfico como elemento de entrada [NR] Desarme nuclear
9 (RLIN) 12922
650 #7 - ASIENTO SECUNDARIO DE MATERIA - TERMINO TEMATICO [R]
Término temático o nombre geográfico como elemento de entrada [NR] No proliferación nuclear
9 (RLIN) 20412
690 ## - ASUNTO AGREGADO LOCAL DE ENTRADA - TÉRMINO TEMÁTICO (OCLC, RLIN)
9 (RLIN) 42753
Acceso temático local Ciencia militar
942 ## - ELEMENTOS DE ENTRADA AGREGADOS (KOHA)
Tema principal Derecho
Tipo de ítem principal el descrito en 300a Libro
Edición 1
Parte restante de la signatura top. G241n
Sistema de clasificación DEWEY
Clasificación 327.174
Existencias
Fecha de último préstamo Total préstamos Total Renewals Signatura topográfica Código de barras Última vez visto Ejemplar Costo de reposición Price effective from Tipo de ítem Perdido Sistema de clasificación Dañado No prestable Tipo de ítem específico Suprimido Ubicación habitual Ubicación actual Localización Fecha de creación Proveedor Forma de adquisición Costo
21/04/2016 1 2 327.174 G241n 100139366 06/06/2024 Ej.2 43412.00 26/11/2013 Libro   DEWEY     Libro   Bodega Bodega 3er piso 26/11/2013 37 Compra 43412.00